ARRUPE JESUIT UNIVERSITY

CORONAVIRUS -STOP THE SPREAD - CLEAN,DISINFECT,COVER

Growing up in the Soviet Union : (Record no. 124977)

MARC details
000 -LEADER
fixed length control field 00966cam a2200289 a 4500
001 - CONTROL NUMBER
control field 2826375
003 - CONTROL NUMBER IDENTIFIER
control field ARRUPE
005 - DATE AND TIME OF LATEST TRANSACTION
control field 20160812115329.0
008 - FIXED-LENGTH DATA ELEMENTS--GENERAL INFORMATION
fixed length control field 830412s1982 ru af 000 0 eng
010 ## - LIBRARY OF CONGRESS CONTROL NUMBER
LC control number 83103907
040 ## - CATALOGING SOURCE
Original cataloging agency DLC
Transcribing agency DLC
Modifying agency DLC
043 ## - GEOGRAPHIC AREA CODE
Geographic area code e-ur---
050 00 - LIBRARY OF CONGRESS CALL NUMBER
Classification number HQ792.S65
082 00 - DEWEY DECIMAL CLASSIFICATION NUMBER
Classification number 305.2/3/0947
Edition number 19
300 ## - PHYSICAL DESCRIPTION
Other physical details ill. ;
Dimensions 21 cm.
100 1# - MAIN ENTRY--PERSONAL NAME
Personal name Morton, Miriam.
9 (RLIN) 24980
245 10 - TITLE STATEMENT
Title Growing up in the Soviet Union :
Remainder of title from the cradle to coming of age /
Statement of responsibility, etc Miriam Morton.
260 ## - PUBLICATION, DISTRIBUTION, ETC. (IMPRINT)
Place of publication, distribution, etc Moscow :
Name of publisher, distributor, etc Progress Publishers,
Date of publication, distribution, etc c1982.
300 ## - PHYSICAL DESCRIPTION
Extent 212 p., [64] p. of plates;
500 ## - GENERAL NOTE
General note Series on jacket: Impressions of the USSR.
650 #0 - SUBJECT ADDED ENTRY--TOPICAL TERM
Topical term or geographic name as entry element Children
Geographic subdivision Soviet Union.
9 (RLIN) 24981
650 #0 - SUBJECT ADDED ENTRY--TOPICAL TERM
Topical term or geographic name as entry element Youth
Geographic subdivision Soviet Union.
9 (RLIN) 24982
650 #0 - SUBJECT ADDED ENTRY--TOPICAL TERM
Topical term or geographic name as entry element Socialism and youth
Geographic subdivision Soviet Union.
9 (RLIN) 24983
650 #0 - SUBJECT ADDED ENTRY--TOPICAL TERM
Topical term or geographic name as entry element Education
Geographic subdivision Soviet Union.
9 (RLIN) 24984
830 #0 - SERIES ADDED ENTRY--UNIFORM TITLE
Uniform title Impressions of the USSR.
9 (RLIN) 24985
906 ## - LOCAL DATA ELEMENT F, LDF (RLIN)
a 7
b cbc
c orignew
d 2
e ncip
f 19
g y-gencatlg
942 ## - ADDED ENTRY ELEMENTS (KOHA)
Source of classification or shelving scheme Library of Congress Classification
Koha item type Monograph ( Printed materials)
Holdings
Withdrawn status Lost status Source of classification or shelving scheme Damaged status Not for loan Collection code Home library Current library Shelving location Date acquired Total Checkouts Full call number Barcode Date last seen Price effective from Koha item type
    Library of Congress Classification     Main Collection ARRUPE LIBRARY ARRUPE LIBRARY Main Collection 12/08/2016   HQ792.S65 46500008543 09/05/2018 12/08/2016 Monograph ( Printed materials)

 

Arrupe Library. PO Box MP320 Mt Pleasant, Harare, Zimbabwe
263 242 745411|librarian@aju.ac.zw